000 00584nam a2200205Ia 4500
003 GCL
008 140319s9999 xx 000 0 ara d
040 _aGCL /
_cGCL
082 0 4 _a418
_bن ع
100 1 _aنوال محمد عطية
245 1 0 _aعلم النفس اللغوى, ط3 /
_cنوال محمد عطية
300 _a175 ص
490 _a
650 0 4 _aالاصوات اللغوية
650 0 4 _aعلم النفس اللغوى
650 0 4 _aالكلام
650 0 4 _aاللغة العربية - علم
650 0 4 _aالقران - الفاظ
942 _2ddc
_cBK
999 _c37693
_d37693